Capitali che iniziano con la P - Statistics

Statistiche generali
  • Questo quiz è stato fatto 112 volte
  • Il punteggio medio è 11 su 17
Statistiche sulle risposte
Popolazione (ab.) Continente Capitale % Corretto
2 229 095 Europa Parigi
81%
1 308 632 Europa Praga
79%
24 516 000 Asia Pechino
74%
150 977 Europa Podgorica
74%
240 924 America del Sud Paramaribo
71%
1 378 America del Nord Panama
70%
897 859 America del Nord Port-au-Prince
64%
2 472 612 Africa Pretoria
63%
364 125 Oceania Port Moresby
57%
3 255 288 Asia Pyongyang
57%
330 000 America del Nord Port of Spain
56%
267 191 Africa Porto-Novo
56%
159 050 Africa Praia
54%
2 129 371 Asia Phnom Penh
51%
51 437 Oceania Port Vila
51%
7 321 Oceania Palikir
50%
149 194 Africa Port Louis
47%
Nessun quiz corrispondente trovato
Distribuzione punteggi
Percentuale di utenti per punteggio
Percentile per numero di risposta
I tuoi punteggi nel tempo
Non hai fatto questo quiz